[Event "GER-ch Youth U18 2019"]
[Site "Willingen"]
[Date "2019.06.12"]
[Round "5.13"]
[White "Hinrichs, Niklas"]
[Black "Wendler, David"]
[Result "1/2-1/2"]
[WhiteElo "2115"]
[BlackElo "2166"]
[Annotator "NA"]
[PlyCount "97"]
[EventDate "2019.06.07"]
[EventType "swiss"]
[EventRounds "9"]
[EventCountry "GER"]
[SourceTitle "playchess.com"]
[Source "ChessBase"]
[SourceQuality "1"]
[TimeControl "40/5400+30:1800+30"]

1. d4 {[%emt 0:00:00]} Nf6 {[%emt 0:00:00]} 2. c4 {[%emt 0:00:00]} c5 {[%emt 0:00:03]} 3. d5 {[%emt 0:00:00]} b5 {[%emt 0:00:08]} 4. cxb5 {[%emt 0:00:00]} a6 {[%emt 0:00:09]} 5. bxa6 {[%emt 0:00:00]} g6 {[%emt 0:00:14]} 6. Nc3 {[%emt 0:00:00]} Bxa6 {[%emt 0:00:06]} 7. e4 {[%emt 0:00:05]} Bxf1 {[%emt 0:00:05]} 8. Kxf1 {[%emt 0:00:04]} d6 {[%emt 0:00:08]} 9. g3 {[%emt 0:00:14]} Bg7 {[%emt 0:00:05]} 10. Kg2 {[%emt 0:00:04]} O-O {[%emt 0:00:18]} 11. Nf3 {[%emt 0:00:04]} Qb6 {[%emt 0:00:16]} 12. Qe2 {[%emt 0:01:07]} Na6 13. a4 {[%emt 0:02:16]} Rfb8 {[%emt 0:02:42]} 14. Nb5 {[%emt 0:02:52]} Nc7 15. Nxc7 {[%emt 0:14:56]} Qxc7 {[%emt 0:02:36]} 16. Qc2 Rb4 17. Bd2 {[%emt 0:08:51]} Rxe4 {[%emt 0:22:51]} 18. Bc3 {[%emt 0:00:17]} e5 {[%emt 0:06:13]} 19. Nd2 {[%emt 0:02:51]} Rd4 {[%emt 0:00:06]} 20. Bxd4 {[%emt 0:16:15]} exd4 21. Rhc1 Rb8 {[%emt 0:08:27]} 22. a5 {[%emt 0:13:17]} Nxd5 {[%emt 0:02:36]} 23. a6 {[%emt 0:03:31]} Nb4 {[%emt 0:05:50]} 24. Qc4 d3 {[%emt 0:19:31]} 25. a7 {[%emt 0:06:01]} Qb7+ 26. Qe4 {[%emt 0:15:08]} Qxe4+ {[%emt 0:02:18]} 27. Nxe4 {[%emt 0:00:03]} Ra8 {[%emt 0:00:06]} 28. Nxc5 {[%emt 0:01:32]} Bxb2 {[%emt 0:13:42]} 29. Nxd3 Bxa1 {[%emt 0:01:26]} 30. Nxb4 {[%emt 0:00:59]} Rxa7 {[%emt 0:00:10]} 31. Rd1 {[%emt 0:01:51]} Bc3 {[%emt 0:05:42]} 32. Nd5 {[%emt 0:02:33]} Bg7 {[%emt 0:01:10]} 33. h4 {[%emt 0:01:45]} h5 {[%emt 0:02:50]} 34. Rd2 {[%emt 0:02:10]} Rb7 {[%emt 0:00:53]} 35. Ne3 {[%emt 0:02:32]} Bf8 {[%emt 0:02:42]} 36. f3 {[%emt 0:01:28]} f6 {[%emt 0:02:02]} 37. Rd3 {[%emt 0:01:13]} Kf7 {[%emt 0:00:14]} 38. g4 {[%emt 0:00:06]} hxg4 {[%emt 0:00:23]} 39. fxg4 {[%emt 0:01:15]} Ke6 {[%emt 0:01:54]} 40. Kf3 {[%emt 0:02:53]} Rb5 {[%emt 0:01:24]} 41. Ra3 {[%emt 0:02:30]} d5 {[%emt 0:04:36]} 42. Ra6+ {[%emt 0:01:14]} Bd6 {[%emt 0:01:19]} 43. h5 {[%emt 0:03:04]} gxh5 {[%emt 0:00:33]} 44. gxh5 {[%emt 0:00:06]} Rb4 {[%emt 0:04:26]} 45. h6 {[%emt 0:01:14]} Rb1 {[%emt 0:06:42]} 46. Kg4 {[%emt 0:09:17]} Rh1 {[%emt 0:03:21]} 47. Rb6 {[%emt 0:03:54]} Ke5 {[%emt 0:03:23]} 48. Rb5 {[%emt 0:03:31]} f5+ {[%emt 0:03:48]} 49. Kg5 {[%emt 0:00:30] normal} 1/2-1/2

[Event "GER-ch Youth U18 2019"]
[Site "Willingen"]
[Date "2019.06.12"]
[Round "5.14"]
[White "Schnabel, Bennett"]
[Black "Sureshkumar, Atchuthan"]
[Result "1-0"]
[WhiteElo "2125"]
[BlackElo "1502"]
[Annotator "NA"]
[PlyCount "24"]
[EventDate "2019.06.07"]
[EventType "swiss"]
[EventRounds "9"]
[EventCountry "GER"]
[SourceTitle "playchess.com"]
[Source "ChessBase"]
[SourceQuality "1"]
[TimeControl "40/5400+30:1800+30"]

1. a3 {[%emt 0:00:00]} e5 {[%emt 0:00:00]} 2. c4 {[%emt 0:00:00]} Nf6 {[%emt 0:00:52]} 3. d3 {[%emt 0:00:19]} Nc6 4. Nf3 d5 {[%emt 0:03:44]} 5. cxd5 {[%emt 0:00:39]} Nxd5 {[%emt 0:00:33]} 6. g3 {[%emt 0:01:13]} Bg4 {[%emt 0:01:37]} 7. Bg2 {[%emt 0:02:08]} Qd7 {[%emt 0:04:45]} 8. h3 {[%emt 0:00:10]} Bxf3 {[%emt 0:00:46]} 9. Bxf3 {[%emt 0:01:20]} Nd4 {[%emt 0:01:50]} 10. Bg2 {[%emt 0:00:49]} c6 {[%emt 0:04:45]} 11. Nc3 {[%emt 0:01:12]} Be7 {[%emt 0:00:43]} 12. O-O O-O {normal} 1-0

[Event "GER-ch Youth U18 2019"]
[Site "Willingen"]
[Date "2019.06.12"]
[Round "6.1"]
[White "Parvanyan, Ashot"]
[Black "Engel, Luis"]
[Result "0-1"]
[WhiteElo "2421"]
[BlackElo "2512"]
[Annotator "ChessBase"]
[PlyCount "54"]
[EventDate "2019.06.07"]
[EventType "swiss"]
[EventRounds "9"]
[EventCountry "GER"]
[SourceTitle "playchess.com"]
[Source "ChessBase"]
[SourceQuality "1"]
[TimeControl "40/5400+30:1800+30"]

1. e4 {[%emt 0:00:00]} c5 {[%emt 0:00:00]} 2. Nf3 {[%emt 0:00:03]} d6 {[%emt 0:00:00]} 3. d4 {[%emt 0:00:14]} cxd4 {[%emt 0:00:00]} 4. Nxd4 {[%emt 0:00:06]} Nf6 {[%emt 0:00:00]} 5. Nc3 {[%emt 0:00:22]} Nc6 {[%emt 0:00:00]} 6. Bc4 {[%emt 0:02:58]} e6 {[%emt 0:00:32]} 7. Be3 {[%emt 0:01:24]} Be7 {[%emt 0:00:38]} 8. Qe2 {[%emt 0:02:49]} O-O {[%emt 0:01:06]} 9. O-O-O {[%emt 0:02:08]} Nxd4 {[%emt 0:04:52]} 10. Bxd4 {[%emt 0:01:32]} a6 {[%emt 0:03:10]} 11. Rhg1 {[%emt 0:11:23]} b5 {[%emt 0:00:53]} 12. Bb3 {[%emt 0:00:09]} Bb7 {[%emt 0:03:49]} 13. f3 {[%emt 0:07:12]} Bc6 {[%emt 0:08:43]} 14. g4 {[%emt 0:08:30]} Nd7 {[%emt 0:09:59]} 15. f4 {[%emt 0:06:21]} b4 {[%emt 0:01:30]} 16. Nb1 {[%emt 0:00:26]} a5 {[%emt 0:02:34]} 17. g5 {[%emt 0:18:22]} Rc8 {[%emt 0:11:27]} 18. Nd2 {[%emt 0:06:30]} a4 {[%emt 0:10:10]} 19. Bc4 {[%emt 0:00:07]} d5 {[%emt 0:03:01]} 20. exd5 {[%emt 0:01:03]} Bxd5 {[%emt 0:00:36]} 21. Bd3 {[%emt 0:05:30]} Qc7 {[%emt 0:06:21]} 22. f5 {[%emt 0:06:38]} g6 {[%emt 0:04:50]} 23. fxg6 {[%emt 0:10:26]} fxg6 {[%emt 0:00:06]} 24. h4 {[%emt 0:04:16]} Bc5 {[%emt 0:01:14]} 25. Bxc5 {[%emt 0:02:18]} Nxc5 {[%emt 0:00:02]} 26. Bc4 {[%emt 0:00:53]} a3 {[%emt 0:01:28]} 27. b3 {[%emt 0:00:25]} Qg7 {[%emt 0:00:26] normal} 0-1

[Event "GER-ch Youth U18 2019"]
[Site "Willingen"]
[Date "2019.06.12"]
[Round "6.2"]
[White "Riess, Alexander"]
[Black "Buckels, Valentin"]
[Result "0-1"]
[WhiteElo "2305"]
[BlackElo "2443"]
[Annotator "TA"]
[PlyCount "42"]
[EventDate "2019.06.07"]
[EventType "swiss"]
[EventRounds "9"]
[EventCountry "GER"]
[SourceTitle "playchess.com"]
[Source "ChessBase"]
[SourceQuality "1"]

{[%evp 16,42,6,14,7,4,3,2,8,9,12,22,16,0,0,-8,0,0,0,0,0,-45,-56,-58,0,-556,-582,-589,-529]} 1. d4 Nf6 2. c4 e6 3. Nc3 Bb4 4. e3 b6 5. Nge2 Ne4 6. Qc2 Bb7 7. a3 Bxc3+ 8. Nxc3 Nxc3 9. Qxc3 d6 {E44: Nimzo-Indian: Rubinstein: 4...b6 5 Ne2} (9... O-O 10. b4 d6 11. Bb2 Qf6 12. Rd1 a5 13. f3 axb4 14. axb4 Nd7 15. Be2 Qh4+ 16. g3 Qh3 17. Kf2 f5 18. d5 e5 19. Bf1 {0-1 (32) Tregubov,P (2575)-Moiseenko,A (2667) Riadh 2017}) 10. b4 a5 11. Bb2 axb4 {The position is equal.} 12. axb4 Rxa1+ 13. Bxa1 O-O 14. d5 {[%csl Ga1][%cal Rc3g7] [#]} Qg5 15. h4 Qg6 16. f3 $146 {[%mdl 2048] White is pushing.} ({Predecessor:} 16. g3 exd5 17. Bd3 {0-1 (50) Karacsony,Z (2470)-Voiculescu,C (2518) ICCF email 2012}) 16... Nd7 17. Kf2 Ra8 {[#] aiming for ...Ra2+.} 18. e4 Ra2+ 19. Kg1 $1 Qg3 (19... Ne5 $15 20. f4 Qxe4 21. fxe5 Qb1 22. exd6 Rxa1) 20. Rh3 $2 {[%mdl 8192]} (20. Bb2 $1 $11 {and White has nothing to worry.}) 20... Qf2+ $19 21. Kh2 {[%csl Ga1][%cal Rc3g7]} Ne5 {Accuracy: White = 76%, Black = 93%.} 0-1

[Event "GER-ch Youth U18 2019"]
[Site "Willingen"]
[Date "2019.06.12"]
[Round "6.3"]
[White "Muckle, Julius"]
[Black "Schmider, Niklas"]
[Result "1/2-1/2"]
[WhiteElo "2370"]
[BlackElo "2300"]
[Annotator "NA"]
[PlyCount "101"]
[EventDate "2019.06.07"]
[EventType "swiss"]
[EventRounds "9"]
[EventCountry "GER"]
[SourceTitle "playchess.com"]
[Source "ChessBase"]
[SourceQuality "1"]
[TimeControl "40/5400+30:1800+30"]

1. d4 {[%emt 0:00:00]} Nf6 {[%emt 0:00:00]} 2. c4 {[%emt 0:00:00]} g6 {[%emt 0:00:00]} 3. Nc3 {[%emt 0:00:00]} d5 {[%emt 0:00:00]} 4. Bg5 {[%emt 0:00:00]} Bg7 {[%emt 0:00:00]} 5. Bxf6 {[%emt 0:00:00]} Bxf6 {[%emt 0:00:02]} 6. cxd5 {[%emt 0:00:00]} c5 {[%emt 0:00:04]} 7. dxc5 {[%emt 0:00:00]} Nd7 {[%emt 0:00:07]} 8. c6 {[%emt 0:00:00]} Nc5 {[%emt 0:00:07]} 9. Rc1 {[%emt 0:00:10]} bxc6 {[%emt 0:00:13]} 10. b4 {[%emt 0:01:05]} Rb8 {[%emt 0:03:29]} 11. a3 {[%emt 0:03:12]} O-O {[%emt 0:00:32]} 12. e3 {[%emt 0:13:17]} Bxc3+ {[%emt 0:02:25]} 13. Rxc3 {[%emt 0:04:22]} Ne4 {[%emt 0:00:48]} 14. Rxc6 {[%emt 0:06:58]} a5 {[%emt 0:01:46]} 15. Qd4 {[%emt 0:27:47]} axb4 {[%emt 0:01:53]} 16. axb4 {[%emt 0:02:58]} Nf6 {[%emt 0:06:25]} 17. e4 {[%emt 0:08:46]} Bb7 {[%emt 0:03:24]} 18. Rc1 {[%emt 0:06:30]} e6 {[%emt 0:15:02]} 19. Nf3 {[%emt 0:00:22]} exd5 {[%emt 0:05:50]} 20. e5 {[%emt 0:00:04]} Ne4 {[%emt 0:02:36]} 21. Bd3 {[%emt 0:00:33]} Qe7 {[%emt 0:13:24]} 22. O-O {[%emt 0:00:08]} Ra8 {[%emt 0:02:20]} 23. Qb6 {[%emt 0:02:36]} Rfc8 {[%emt 0:03:49]} 24. h3 {[%emt 0:03:29]} Ra3 {[%emt 0:05:13]} 25. Rxc8+ {[%emt 0:01:45]} Bxc8 {[%emt 0:00:06]} 26. Qd4 {[%emt 0:00:32]} Bf5 {[%emt 0:05:51]} 27. Bxe4 {[%emt 0:14:46]} dxe4 {[%emt 0:02:29]} 28. Nh2 {[%emt 0:02:10]} Rb3 {[%emt 0:03:28]} 29. e6 {[%emt 0:01:04]} Bxe6 {[%emt 0:09:30]} 30. Ra1 {[%emt 0:01:23]} Qf8 {[%emt 0:01:12]} 31. Qxe4 {[%emt 0:00:37]} Rxb4 {[%emt 0:00:48]} 32. Qe1 {[%emt 0:00:15]} Qb8 {[%emt 0:02:06]} 33. Nf3 {[%emt 0:00:39]} Bf5 {[%emt 0:00:52]} 34. Ra8 {[%emt 0:00:31]} Qxa8 {[%emt 0:00:32]} 35. Qxb4 {[%emt 0:00:01]} Qe4 {[%emt 0:01:08]} 36. Qb8+ {[%emt 0:00:37]} Kg7 {[%emt 0:00:07]} 37. Qb2+ {[%emt 0:00:03]} Kg8 {[%emt 0:00:08]} 38. Qf6 {[%emt 0:00:23]} Qe6 {[%emt 0:04:11]} 39. Qc3 {[%emt 0:00:27]} f6 {[%emt 0:01:53]} 40. Nd4 {[%emt 0:01:17]} Qe5 {[%emt 0:03:38]} 41. Qb3+ {[%emt 0:05:32]} Kg7 {[%emt 0:06:45]} 42. Qe3 {[%emt 0:01:02]} Bd7 {[%emt 0:02:12]} 43. Qc3 {[%emt 0:00:44]} Qe7 {[%emt 0:04:01]} 44. Nc2 {[%emt 0:01:20]} Be6 {[%emt 0:01:41]} 45. Qe3 {[%emt 0:00:17]} Qd6 {[%emt 0:00:45]} 46. Nd4 {[%emt 0:00:34]} Bf7 {[%emt 0:01:18]} 47. Qd2 {[%emt 0:03:41]} Qd5 {[%emt 0:00:25]} 48. Qf4 {[%emt 0:03:59]} Qe5 {[%emt 0:01:12]} 49. Qd2 {[%emt 0:00:15]} Qd5 {[%emt 0:00:08] normal} 50. Qf4 {[%emt 0:06:26]} Qe5 {[%emt 0:00:26]} 51. Qd2 {[%emt 0:00:43] normal} 1/2-1/2

[Event "GER-ch Youth U18 2019"]
[Site "Willingen"]
[Date "2019.06.12"]
[Round "6.4"]
[White "Martin, Julian"]
[Black "Vuckovic, Zarko"]
[Result "1-0"]
[WhiteElo "2370"]
[BlackElo "2132"]
[Annotator "NA"]
[PlyCount "25"]
[EventDate "2019.06.07"]
[EventType "swiss"]
[EventRounds "9"]
[EventCountry "GER"]
[SourceTitle "playchess.com"]
[Source "ChessBase"]
[SourceQuality "1"]
[TimeControl "40/5400+30:1800+30"]

1. e4 {[%emt 0:00:00]} e6 {[%emt 0:00:00]} 2. d4 {[%emt 0:01:04]} d5 {[%emt 0:00:00]} 3. Nd2 {[%emt 0:00:24]} dxe4 {[%emt 0:00:00]} 4. Nxe4 {[%emt 0:00:33]} Nd7 {[%emt 0:00:00]} 5. Nf3 {[%emt 0:04:50]} Ngf6 {[%emt 0:00:27]} 6. Bd3 {[%emt 0:00:08]} Be7 {[%emt 0:00:11]} 7. Qe2 {[%emt 0:03:35]} b6 {[%emt 0:06:18]} 8. Ne5 {[%emt 0:16:26]} Bb7 {[%emt 0:04:33]} 9. Nxf7 {[%emt 0:04:15]} Kxf7 {[%emt 0:02:32]} 10. Ng5+ {[%emt 0:00:11]} Ke8 {[%emt 0:00:21]} 11. Nxe6 {[%emt 0:04:15]} Qc8 {[%emt 0:06:19]} 12. Nxg7+ {[%emt 0:05:51]} Kf7 {[%emt 0:01:37]} 13. Qe6+ {[%emt 0:00:27] normal} 1-0

[Event "GER-ch Youth U18 2019"]
[Site "Willingen"]
[Date "2019.06.12"]
[Round "6.5"]
[White "Roseneck, Jonas"]
[Black "Kuznecovs, Nikita"]
[Result "1-0"]
[WhiteElo "2403"]
[BlackElo "2317"]
[Annotator "NA"]
[PlyCount "81"]
[EventDate "2019.06.07"]
[EventType "swiss"]
[EventRounds "9"]
[EventCountry "GER"]
[SourceTitle "playchess.com"]
[Source "ChessBase"]
[SourceQuality "1"]
[TimeControl "40/5400+30:1800+30"]

1. e4 {[%emt 0:00:00]} e6 {[%emt 0:01:23]} 2. d4 {[%emt 0:00:00]} d5 {[%emt 0:00:04]} 3. Nd2 {[%emt 0:00:00]} Be7 {[%emt 0:00:09]} 4. Ngf3 {[%emt 0:00:00]} Nf6 {[%emt 0:00:09]} 5. e5 {[%emt 0:00:00]} Nfd7 {[%emt 0:00:06]} 6. Bd3 {[%emt 0:00:00]} b6 {[%emt 0:01:13]} 7. O-O {[%emt 0:00:12]} Ba6 {[%emt 0:00:06]} 8. Bxa6 {[%emt 0:00:52]} Nxa6 {[%emt 0:00:07]} 9. Qe2 {[%emt 0:00:02]} Qc8 {[%emt 0:00:39]} 10. c4 {[%emt 0:00:11]} c6 {[%emt 0:01:27]} 11. b3 {[%emt 0:09:54]} Qb7 {[%emt 0:00:09]} 12. Rd1 {[%emt 0:03:54]} Nc7 {[%emt 0:02:36]} 13. Nf1 {[%emt 0:02:04]} dxc4 {[%emt 0:26:30]} 14. Qxc4 {[%emt 0:09:59]} h6 {[%emt 0:02:16]} 15. a4 {[%emt 0:13:36]} b5 {[%emt 0:00:34]} 16. Qc2 {[%emt 0:08:37]} Nd5 {[%emt 0:01:27]} 17. Ng3 {[%emt 0:04:06]} Rc8 {[%emt 0:02:37]} 18. Ne4 {[%emt 0:04:44]} O-O {[%emt 0:04:44]} 19. Qe2 {[%emt 0:06:32]} a6 {[%emt 0:03:10]} 20. Be3 {[%emt 0:02:30]} f5 {[%emt 0:21:54]} 21. exf6 {[%emt 0:01:30]} N7xf6 {[%emt 0:00:08]} 22. Nfd2 {[%emt 0:06:25]} Nxe3 {[%emt 0:07:40]} 23. Qxe3 {[%emt 0:01:55]} Nd5 {[%emt 0:00:12]} 24. Qg3 {[%emt 0:02:30]} Rf4 {[%emt 0:03:35]} 25. Re1 {[%emt 0:03:33]} Rcf8 {[%emt 0:05:33]} 26. Qh3 {[%emt 0:04:00]} Bb4 {[%emt 0:02:22]} 27. Qxe6+ {[%emt 0:02:37]} Kh8 {[%emt 0:00:06]} 28. Rad1 {[%emt 0:03:48]} Nc3 {[%emt 0:00:10]} 29. Nxc3 {[%emt 0:01:26]} Bxc3 {[%emt 0:00:07]} 30. Re4 {[%emt 0:00:42]} R4f6 {[%emt 0:09:24]} 31. Qg4 {[%emt 0:01:10]} bxa4 {[%emt 0:00:34]} 32. bxa4 {[%emt 0:00:26]} Rxf2 {[%emt 0:02:39]} 33. Nf3 {[%emt 0:00:29]} Qb3 {[%emt 0:01:10]} 34. Nh4 {[%emt 0:01:45]} R2f6 {[%emt 0:00:38]} 35. h3 {[%emt 0:03:35]} Qxa4 {[%emt 0:01:14]} 36. Rd3 {[%emt 0:00:19]} Qc4 {[%emt 0:00:36]} 37. Re7 {[%emt 0:04:05]} R6f7 {[%emt 0:00:25]} 38. Ng6+ {[%emt 0:00:21]} Kg8 {[%emt 0:00:01]} 39. Rxf7 {[%emt 0:00:46]} Rxf7 {[%emt 0:00:32]} 40. Ne5 {[%emt 0:00:13]} Qb4 {[%emt 0:00:53]} 41. Nxf7 {[%emt 0:01:33] normal} 1-0

[Event "GER-ch Youth U18 2019"]
[Site "Willingen"]
[Date "2019.06.12"]
[Round "6.6"]
[White "Browning, Alex"]
[Black "Faerber, David"]
[Result "1/2-1/2"]
[WhiteElo "2319"]
[BlackElo "2293"]
[Annotator "ChessBase"]
[PlyCount "116"]
[EventDate "2019.06.07"]
[EventType "swiss"]
[EventRounds "9"]
[EventCountry "GER"]
[SourceTitle "playchess.com"]
[Source "ChessBase"]
[SourceQuality "1"]
[TimeControl "40/5400+30:1800+30"]

1. e4 {[%emt 0:00:00]} c6 {[%emt 0:00:00]} 2. d4 {[%emt 0:00:00]} d5 {[%emt 0:00:07]} 3. Nc3 {[%emt 0:00:00]} dxe4 {[%emt 0:01:06]} 4. Nxe4 {[%emt 0:00:00]} Bf5 {[%emt 0:00:13]} 5. Ng3 {[%emt 0:00:06]} Bg6 {[%emt 0:00:05]} 6. N1e2 {[%emt 0:00:13]} Nf6 {[%emt 0:02:04]} 7. c3 Nbd7 {[%emt 0:03:04]} 8. Nf4 {[%emt 0:00:51]} e5 {[%emt 0:03:17]} 9. Nxg6 {[%emt 0:02:59]} hxg6 {[%emt 0:01:34]} 10. dxe5 {[%emt 0:11:12]} Nxe5 {[%emt 0:02:38]} 11. Qe2 {[%emt 0:07:24]} Qe7 {[%emt 0:04:18]} 12. Be3 {[%emt 0:06:26]} Neg4 {[%emt 0:25:32]} 13. Bd4 {[%emt 0:17:35]} Rxh2 {[%emt 0:08:24]} 14. Rxh2 Nxh2 {[%emt 0:00:47]} 15. Bxf6 {[%emt 0:03:34]} gxf6 {[%emt 0:01:08]} 16. Qxe7+ {[%emt 0:00:09]} Bxe7 {[%emt 0:00:17]} 17. Be2 {[%emt 0:00:22]} f5 {[%emt 0:00:54]} 18. Nf1 {[%emt 0:03:46]} Ng4 {[%emt 0:04:05]} 19. Ne3 {[%emt 0:03:11]} Nf6 {[%emt 0:15:28]} 20. Rd1 {[%emt 0:01:21]} Bc5 {[%emt 0:01:35]} 21. Nc4 {[%emt 0:03:49]} Nd7 {[%emt 0:11:29]} 22. Bf3 {[%emt 0:03:54]} O-O-O {[%emt 0:02:11]} 23. a4 {[%emt 0:01:21]} Kc7 {[%emt 0:01:47]} 24. Rd2 {[%emt 0:01:39]} Rh8 {[%emt 0:03:38]} 25. Ke2 {[%emt 0:00:40]} Re8+ {[%emt 0:00:41]} 26. Kf1 {[%emt 0:00:44]} Rh8 {[%emt 0:00:45]} 27. Ke2 {[%emt 0:00:06]} Re8+ {[%emt 0:00:05]} 28. Kf1 {[%emt 0:00:04]} Bf8 {[%emt 0:00:45]} 29. Re2 {[%emt 0:00:58]} Rxe2 {[%emt 0:00:36]} 30. Kxe2 {[%emt 0:01:06]} Nc5 {[%emt 0:00:37]} 31. a5 {[%emt 0:00:55]} Bg7 {[%emt 0:00:23]} 32. g3 {[%emt 0:01:22]} Bf6 {[%emt 0:00:57]} 33. Kd2 {[%emt 0:01:46]} Kd7 {[%emt 0:01:33]} 34. Ke3 {[%emt 0:03:38]} a6 {[%emt 0:01:39]} 35. Bd1 {[%emt 0:01:20]} Bg5+ {[%emt 0:00:16]} 36. f4 {[%emt 0:01:49]} Bf6 {[%emt 0:00:28]} 37. Bc2 {[%emt 0:00:23]} Bg7 {[%emt 0:01:29]} 38. Nb6+ {[%emt 0:09:00]} Kc7 {[%emt 0:00:41]} 39. Nc4 {[%emt 0:00:32]} Bf6 {[%emt 0:00:36]} 40. Kf3 {[%emt 0:00:38]} Kd7 {[%emt 0:00:28]} 41. Nb6+ {[%emt 0:31:07]} Ke8 {[%emt 0:08:55]} 42. Nc4 {[%emt 0:00:00]} Be7 {[%emt 0:04:39]} 43. Ke3 {[%emt 0:00:00]} Ne6 {[%emt 0:01:25]} 44. Ne5 {[%emt 0:00:00]} Bd6 {[%emt 0:00:47]} 45. Nc4 {[%emt 0:00:00]} Bc7 {[%emt 0:00:08]} 46. Kf3 {[%emt 0:00:00]} Ke7 {[%emt 0:00:08]} 47. b4 {[%emt 0:00:00]} Bd6 {[%emt 0:00:45]} 48. Bd3 {[%emt 0:00:00]} Nc7 {[%emt 0:03:28]} 49. Nb6 {[%emt 0:00:00]} Nb5 {[%emt 0:04:59]} 50. Nc8+ {[%emt 0:01:52]} Kd7 {[%emt 0:01:46]} 51. Nb6+ {[%emt 0:00:10]} Ke8 {[%emt 0:01:37]} 52. Na4 {[%emt 0:00:43]} Nxc3 {[%emt 0:01:46]} 53. Nxc3 {[%emt 0:00:09]} Bxb4 {[%emt 0:00:03]} 54. Na4 {[%emt 0:01:28]} Bxa5 {[%emt 0:00:46]} 55. Nc5 {[%emt 0:00:12]} Bb4 {[%emt 0:00:38]} 56. Nxa6 {[%emt 0:02:23]} bxa6 {[%emt 0:01:39]} 57. Bxa6 {[%emt 0:00:05]} Ke7 {[%emt 0:00:07]} 58. Bc4 {[%emt 0:01:22]} Be1 {[%emt 0:00:38] normal} 1/2-1/2

[Event "GER-ch Youth U18 2019"]
[Site "Willingen"]
[Date "2019.06.12"]
[Round "6.7"]
[White "Maetzkow, Maximilian Paul"]
[Black "Arndt, Magnus"]
[Result "0-1"]
[WhiteElo "2338"]
[BlackElo "2186"]
[Annotator "NA"]
[PlyCount "104"]
[EventDate "2019.06.07"]
[EventType "swiss"]
[EventRounds "9"]
[EventCountry "GER"]
[SourceTitle "playchess.com"]
[Source "ChessBase"]
[SourceQuality "1"]
[TimeControl "40/5400+30:1800+30"]

1. e4 {[%emt 0:00:00]} e5 {[%emt 0:00:00]} 2. Nf3 {[%emt 0:00:00]} Nc6 {[%emt 0:00:00]} 3. Bb5 {[%emt 0:00:00]} a6 {[%emt 0:00:00]} 4. Ba4 {[%emt 0:00:00]} Nf6 {[%emt 0:00:00]} 5. d3 {[%emt 0:00:00]} b5 {[%emt 0:00:00]} 6. Bb3 {[%emt 0:00:00]} Be7 {[%emt 0:00:00]} 7. O-O {[%emt 0:00:00]} d6 {[%emt 0:00:02]} 8. c3 {[%emt 0:00:33]} O-O {[%emt 0:01:18]} 9. Nbd2 {[%emt 0:00:51]} Na5 {[%emt 0:00:58]} 10. Bc2 {[%emt 0:00:49]} c5 {[%emt 0:00:06]} 11. Re1 {[%emt 0:00:34]} Re8 {[%emt 0:01:29]} 12. Nf1 {[%emt 0:01:09]} h6 {[%emt 0:01:26]} 13. Ng3 {[%emt 0:01:02]} Bf8 {[%emt 0:00:51]} 14. d4 {[%emt 0:18:45]} cxd4 {[%emt 0:09:57]} 15. cxd4 {[%emt 0:02:39]} Bg4 {[%emt 0:07:28]} 16. d5 {[%emt 0:09:49]} Rc8 {[%emt 0:07:18]} 17. Bd3 {[%emt 0:00:32]} g6 {[%emt 0:05:05]} 18. a4 {[%emt 0:01:51]} Bxf3 {[%emt 0:13:27]} 19. gxf3 {[%emt 0:01:13]} Rb8 {[%emt 0:05:12]} 20. axb5 {[%emt 0:12:39]} axb5 {[%emt 0:00:13]} 21. Bd2 {[%emt 0:09:04]} Nc4 {[%emt 0:03:05]} 22. Bc3 {[%emt 0:00:41]} b4 {[%emt 0:06:35]} 23. Bxc4 {[%emt 0:00:54]} bxc3 {[%emt 0:00:05]} 24. bxc3 {[%emt 0:00:03]} Qc7 {[%emt 0:01:20]} 25. Qe2 {[%emt 0:03:25]} h5 {[%emt 0:03:32]} 26. h4 {[%emt 0:01:57]} Nh7 {[%emt 0:09:47]} 27. Bb5 {[%emt 0:03:13]} Rec8 {[%emt 0:00:35]} 28. Bc6 {[%emt 0:00:08]} Qe7 {[%emt 0:03:19]} 29. Kg2 {[%emt 0:03:53]} Qxh4 {[%emt 0:04:45]} 30. Qe3 {[%emt 0:01:43]} Rb2 {[%emt 0:04:44]} 31. Rh1 {[%emt 0:03:25]} Qf4 {[%emt 0:03:26]} 32. Nf1 {[%emt 0:06:52]} Bh6 {[%emt 0:02:38]} 33. Qxf4 {[%emt 0:00:54]} Bxf4 {[%emt 0:02:33]} 34. c4 {[%emt 0:04:01]} Rc2 {[%emt 0:00:59]} 35. Bb5 {[%emt 0:00:15]} Nf6 {[%emt 0:02:00]} 36. Ra3 {[%emt 0:03:29]} Kg7 {[%emt 0:01:44]} 37. Ng3 {[%emt 0:02:31]} Rh8 {[%emt 0:00:31]} 38. Rha1 {[%emt 0:05:08]} h4 {[%emt 0:00:16]} 39. Nh1 {[%emt 0:00:02]} h3+ {[%emt 0:01:07]} 40. Kf1 {[%emt 0:00:01]} Rh5 {[%emt 0:00:44]} 41. R3a2 {[%emt 0:31:39]} Rxa2 {[%emt 0:03:31]} 42. Rxa2 Rg5 {[%emt 0:16:32]} 43. Ra1 {[%emt 0:00:00]} h2 {[%emt 0:01:04]} 44. Ke2 {[%emt 0:00:00]} Rg1 {[%emt 0:01:03]} 45. Rf1 {[%emt 0:00:00]} Kf8 {[%emt 0:01:18]} 46. c5 {[%emt 0:00:00]} dxc5 {[%emt 0:02:08]} 47. d6 {[%emt 0:00:00]} Nh5 {[%emt 0:00:35]} 48. Kd1 {[%emt 0:00:00]} Bg5 {[%emt 0:01:17]} 49. Kc2 {[%emt 0:00:00]} Nf4 {[%emt 0:00:24]} 50. Kc3 {[%emt 0:00:00]} Ne6 {[%emt 0:00:50]} 51. d7 {[%emt 0:00:00]} Nd4 {[%emt 0:01:19]} 52. f4 {[%emt 0:00:00]} Nxb5+ {[%emt 0:00:14] normal Kd4} 0-1

[Event "GER-ch Youth U18 2019"]
[Site "Willingen"]
[Date "2019.06.12"]
[Round "6.8"]
[White "Ewert, Hannes"]
[Black "Goldbeck, Lars"]
[Result "1/2-1/2"]
[WhiteElo "2268"]
[BlackElo "2199"]
[Annotator "NA"]
[PlyCount "42"]
[EventDate "2019.06.07"]
[EventType "swiss"]
[EventRounds "9"]
[EventCountry "GER"]
[SourceTitle "playchess.com"]
[Source "ChessBase"]
[SourceQuality "1"]
[TimeControl "40/5400+30:1800+30"]

1. Nf3 {[%emt 0:00:00]} c5 {[%emt 0:00:00]} 2. g3 {[%emt 0:00:35]} Nc6 {[%emt 0:00:00]} 3. c4 {[%emt 0:00:23]} g6 {[%emt 0:00:00]} 4. d4 {[%emt 0:00:49]} cxd4 {[%emt 0:00:00]} 5. Nxd4 {[%emt 0:00:04]} Bg7 {[%emt 0:00:00]} 6. Nc2 {[%emt 0:00:07]} d6 {[%emt 0:00:38]} 7. Bg2 {[%emt 0:01:10]} Be6 {[%emt 0:03:51]} 8. Ne3 {[%emt 0:04:35]} Nf6 {[%emt 0:06:34]} 9. Nc3 {[%emt 0:03:19]} h5 {[%emt 0:03:17]} 10. h4 {[%emt 0:02:35]} O-O {[%emt 0:02:36]} 11. O-O {[%emt 0:01:35]} Rc8 {[%emt 0:02:45]} 12. Bd2 {[%emt 0:12:29]} Qd7 {[%emt 0:08:40]} 13. Rc1 {[%emt 0:06:22]} Bh3 {[%emt 0:02:43]} 14. Ncd5 {[%emt 0:10:43]} Bxg2 {[%emt 0:01:07]} 15. Kxg2 {[%emt 0:00:48]} Ne4 {[%emt 0:02:16]} 16. b3 {[%emt 0:01:26]} Nxd2 {[%emt 0:11:47]} 17. Qxd2 {[%emt 0:01:32]} Ne5 {[%emt 0:02:25]} 18. a4 {[%emt 0:10:49]} Rfe8 {[%emt 0:11:17]} 19. Rfd1 {[%emt 0:05:01]} b6 {[%emt 0:06:08]} 20. Kg1 {[%emt 0:15:31]} Qb7 {[%emt 0:01:01]} 21. Nc2 {[%emt 0:05:46]} Kh7 {[%emt 0:05:36] normal} 1/2-1/2